| 000 | 00748nam a22003017a 4500 | ||
|---|---|---|---|
| 005 | 20251114104340.0 | ||
| 008 | 150319b2010 xxu||||| |||| 00| 0 spa d | ||
| 020 | _a9789977677415 | ||
| 041 | _aESP | ||
| 082 | _a512.5 A668e | ||
| 100 |
_aArce Salas, Carlos Luis _926648 |
||
| 245 | _aEjercicios resueltos de álgebra lineal: con exámenes e introducción al paquete Mathematica | ||
| 260 | _aCosta Rica | ||
| 260 | _bEUCR | ||
| 260 | _c2010 | ||
| 300 | _a194 páginas | ||
| 490 | _aTemática General | ||
| 650 | _aÁLGEBRA LINEAL | ||
| 650 | _aMATRICES | ||
| 650 | _aECUACIONES LINEALES | ||
| 650 |
_aVECTORES _aRECTAS |
||
| 942 |
_cBK _2ddc |
||
| 999 |
_c4046 _d4046 |
||